Sudden Death - Nachbarländer Bulgariens - Statistiken

Allgemein
  • Dieses Quiz wurde 79 mal gespielt
  • Das Durchschnittsergebnis liegt bei 4 aus 6
Answers on the Grid
Answers color-coded by a green-red scale on the quiz's grid according to % correct below.
Bulgarien🇧🇬
Serbien🇷🇸
Griechenland🇬🇷
Nordmazedonien🇲🇰
Rumänien🇷🇴
Türkei🇹🇷
Moldau🇲🇩
Kosovo🇽🇰
Albanien🇦🇱
Zypern🇨🇾
Malta🇲🇹
Kroatien🇭🇷
Ukraine🇺🇦
Italien🇮🇹
Montenegro🇲🇪
Slowenien🇸🇮
Bosnien-Herzegowina🇧🇦
Ungarn🇭🇺
Armenien🇦🇲
Georgien🇬🇪
Aserbaidschan🇦🇿
Russland🇷🇺
 
Antwortstatistiken
Antwort % Korrekt
Rumänien🇷🇴
76%
Türkei🇹🇷
76%
Griechenland🇬🇷
72%
Nordmazedonien🇲🇰
68%
Serbien🇷🇸
60%
Bulgarien🇧🇬
56%
Keine übereinstimmenden Quizze gefunden
Verteilung der Resultate
Anzahl Personen mit jedem Resultat
Perzentil nach korrekt beantworteten Fragen
Ihre Resultats-Entwicklung
Sie haben dieses Quiz noch nicht gespielt